| 000 | 00378nam a22001337a 4500 | ||
|---|---|---|---|
| 082 |
_a624.1714 _bCON _cL-39, P-196 |
||
| 100 |
_aA. C. I. _940962 |
||
| 245 |
_aControl of Deflection in Concrete Structures _cA. C. I. |
||
| 260 |
_aAmerica _bAmerican Concrete Institute |
||
| 300 | _a77 P, : | ||
| 526 |
_a0 _b0 _c0 _d624_171400000000000_CON |
||
| 650 |
_aMCE _9379 |
||
| 942 |
_2ddc _cBK |
||
| 999 |
_c550058 _d550058 |
||